000 00672cab a2200217 4500
001 WB3435-41
008 090401t1998 xxu||||| |||| 00| 0 eng d
035 _a(Sirsi) u88524
041 _aeng
245 _aCity centre cinema boom
260 _c1998
350 _a0
490 _aIndependent
_v17 sEPTEMBER 1998, 9(1)
520 _aIn a spate of cinema-building more than 500 new screens are to built in Britain in the next four years, bringing the total to mroe than 2,500 - the highest since the mid-Sixties.
650 _aCINEMAS
650 _aHOYTS
650 _aMULTIPLEX CINEMAS
690 _aLEISURE AND RECREATION
942 _n0
948 _c17/09/1998
999 _c55939
_d55939